Giovanni: il discepolo che Gesù amava

Saved in:  
Bibliographic Details
Main Author: Busi, Giulio 1960- (Author)
Format: Print Book
Language:Italian
Subito Delivery Service: Order now.
Check availability: HBZ Gateway
Book acquisition:
Drawer...
Interlibrary Loan:Interlibrary Loan for the Fachinformationsdienste (Specialized Information Services in Germany)
Published: Milano Mondadori agosto 2024
In:Year: 2024
Edition:I edizione
Series/Journal:Le scie
IxTheo Classification:HC New Testament
Further subjects:B John the Apostle, Saint
B Bible. John Criticism, interpretation, etc

MARC

LEADER 00000cam a22000002c 4500
001 1903846072
003 DE-627
005 20251227181821.0
007 tu
008 241001s2024 it ||||| 00| ||ita c
010 |a  2024431767 
020 |a 9788804788393  |c  : 20.00 EUR  |9 978-88-04-78839-3 
035 |a (DE-627)1903846072 
035 |a (DE-599)KXP1903846072 
035 |a (ZDB-21-EIL)5644582 
040 |a DE-627  |b ger  |c DE-627  |e rda 
041 |a ita 
044 |c XA-IT 
050 0 |a BS 
050 0 |a BS2615.52 
082 0 |a 226  |2 14 
100 1 |8 1\p  |e VerfasserIn  |0 (DE-588)110162439  |0 (DE-627)666998221  |0 (DE-576)348754655  |4 aut  |a Busi, Giulio  |d 1960- 
109 |a Busi, Giulio 1960- 
192 |a 1 
245 1 0 |a Giovanni  |b il discepolo che Gesù amava  |c Giulio Busi 
250 |a I edizione 
264 1 |a Milano  |b Mondadori  |c agosto 2024 
300 |a 141 pages  |c 25 cm 
336 |a Text  |b txt  |2 rdacontent 
337 |a ohne Hilfsmittel zu benutzen  |b n  |2 rdamedia 
338 |a Band  |b nc  |2 rdacarrier 
490 0 |a Le scie 
500 |a Bound 
500 |a G. Busi, professor at the Freie Universität Berlin 
500 |a Includes bibliographical references (pages 119-135) and index 
600 1 0 |a John  |c the Apostle, Saint  |2 DLC 
630 2 0 |a Bible  |p John  |x Criticism, interpretation, etc  |2 DLC 
652 |a HC  |b DDCoderRVK 
883 |8 1\p  |a cgwrk  |d 20250301  |q DE-101  |u https://d-nb.info/provenance/plan#cgwrk 
935 |a mteo 
951 |a BO 
ELC |b 1 
LOK |0 000 xxxxxcx a22 zn 4500 
LOK |0 001 4608921908 
LOK |0 003 DE-627 
LOK |0 004 1903846072 
LOK |0 005 20241031231220 
LOK |0 008 241031||||||||||||||||ger||||||| 
LOK |0 040   |a DE-Tue135  |c DE-627  |d DE-Tue135 
LOK |0 092   |o n 
LOK |0 852   |a DE-Tue135 
LOK |0 852 1  |9 00 
LOK |0 935   |a ixbt 
LOK |0 939   |a 04-10-24  |b l01 
ORI |a SA-MARC-ixtheoa001.raw